| 000 | 00000nam##2200000za#4500 |
| 001 | 9.695955 |
| 003 | CaOODSP |
| 005 | 20210929082801 |
| 007 | cr ||||||||||| |
| 008 | 150407|2000||||xxc|||||o f|0| 0 eng|d |
| 040 | |aCaOODSP|beng |
| 043 | |an-cn--- |
| 086 | 1 |aFo42-308/2000E-PDF |
| 110 | 1 |aCanada. |bNatural Resources Canada. |bCanadian Forest Service. |
| 245 | 10|aProceedings of the Canadian Model Forest Network's partnership meeting : |h[electronic resource]|bHalifax, NS, September 8-9, 1999 |
| 260 | |aOttawa - Ontario : |bNatural Resources Canada. |cc2000. |
| 300 | |a79p.|bfigs., graph, maps, references, table, photographs |
| 500 | |aThe catalogue number (Fo42-308/2000E) and ISBN (0-662-29035-6) for the print edition have been incorrectly copied in this electronic publication. |
| 590 | |a12-17-Supp|b2012-04-20 |
| 690 | 07|aEnvironmental management|2gcpds |
| 690 | 07|aForest management|2gcpds |
| 690 | 07|aModel forests|2gcpds |
| 775 | 08|tActes du symposium de la réunion des partenaires du Réseau canadien de forêts modèles : |w(CaOODSP)9.640073 |
| 776 | 0#|tProceedings of the Canadian Model Forest Network's Partnership Meeting, Halifax, NS, September 8-9, 1999 |w(CaOODSP)9.647773 |
| 856 | 40|ahttp://publications.gc.ca|qPDF|s1.88 MB|uhttps://publications.gc.ca/collections/Collection/Fo42-308-2000E.pdf |